NT C's English idioms dictionary (Record no. 1007)
[ view plain ]
| 000 -LEADER | |
|---|---|
| fixed length control field | 00435nam a2200145Ia 4500 |
| 008 - FIXED-LENGTH DATA ELEMENTS--GENERAL INFORMATION | |
| fixed length control field | 151213s9999 xx 000 0 und d |
| 100 ## - MAIN ENTRY--PERSONAL NAME | |
| Personal name | Richard A. Spear & Betty Kirkpatrick |
| 245 ## - TITLE STATEMENT | |
| Title | NT C's English idioms dictionary |
| Statement of responsibility, etc. | Richard A. Spear & Betty Kirkpatrick |
| 260 ## - PUBLICATION, DISTRIBUTION, ETC. (IMPRINT) | |
| Place of publication, distribution, etc. | USA |
| Name of publisher, distributor, etc. | NTC |
| 300 ## - PHYSICAL DESCRIPTION | |
| Extent | 1031 p. |
| 650 ## - SUBJECT ADDED ENTRY--TOPICAL TERM | |
| Topical term or geographic name as entry element | English Language |
| 650 ## - SUBJECT ADDED ENTRY--TOPICAL TERM | |
| Topical term or geographic name as entry element | English Language |
| 700 ## - ADDED ENTRY--PERSONAL NAME | |
| Personal name | Richard A. Spear & Betty Kirkpatrick |
| Withdrawn status | Lost status | Source of classification or shelving scheme | Damaged status | Not for loan | Collection code | Permanent location | Current location | Shelving location | Date acquired | Inventory number | Total Checkouts | Barcode | Date last seen | Copy number | Price effective from | Koha item type |
|---|---|---|---|---|---|---|---|---|---|---|---|---|---|---|---|---|
| Not For Loan | Reference | Bangladesh University of Business and Technology Library | Bangladesh University of Business and Technology Library | Reference | 01/14/2016 | 934 | BUBTL-2003934 | 01/14/2016 | C-1 | 01/14/2016 | Books | |||||
| Not For Loan | Reference | Bangladesh University of Business and Technology Library | Bangladesh University of Business and Technology Library | Reference | 01/14/2016 | 933 | BUBTL-2003933 | 01/14/2016 | C-2 | 01/14/2016 | Books |
